000 00994nas a2200301 4500
001 BR2013000682
003 BR-BrBNA
005 20231205121840.0
007 ta
008 230509b bl.|||p| |||| 00| 00por d
040 _aBR-BrBNA
_bpor
_cBiblioteca Nacional de Agricultura
041 _a(Pt)
072 _aQ04
100 1 _aMarchini, L.C.
100 1 _aMoreti, A.C. de C.C.
100 1 _aOtsuk, I.P.
245 1 _aAnálise de agrupamento com base na composição físico-química de amostras de méis produzidos por Apis mellífera L. no Estado de São Paulo
650 _aMEL
650 _aTECNOLOGIA DE ALIMENTO
650 _aABELHA
650 _aNECTAR
650 _aCOMPOSIÇÃO QUÍMICA
650 _aSÃO PAULO
773 0 _tCiencia e Tecnologia de Alimentos (Brazil)
_xISSN 1678-457X
_g(Jan-Mar 2005), v. 25(1) p. 8-17
_wBR2013000682
856 4 0 _uhttp://www.scielo.br/pdf/cta/v25n1/a02v25n1.pdf
909 _a202311
_bLúcia
_c55
_dLúcia Elande
942 _2AGRIS
_n0
_cANA
999 _c225555
_d225555